000 00326nam a2200145Ia 4500
008 191201s2013 xx 000 0 und d
082 _a658.0954
_bPAB
100 _aPAUL, Justin
245 0 _aBusiness Environment
250 _aRep
260 _aN. delhi
_bTMH
_c2013
300 _a507
650 _aBBA
942 _2ddc
_cBK
_010
999 _c5762
_d5762